Introduction to languages and the theory of computation (Record no. 183402)

MARC details
000 -LEADER
fixed length control field 00462nam a2200169Ia 4500
005 - DATE AND TIME OF LATEST TRANSACTION
control field 20250430173701.0
008 - FIXED-LENGTH DATA ELEMENTS--GENERAL INFORMATION
fixed length control field 231217s9999 xx 000 0 und d
020 ## - INTERNATIONAL STANDARD BOOK NUMBER
International Standard Book Number 9780070660489
082 ## - DEWEY DECIMAL CLASSIFICATION NUMBER
Classification number 001.6424 MAR;10
100 ## - MAIN ENTRY--PERSONAL NAME
Personal name Martin, John C.
245 #0 - TITLE STATEMENT
Title Introduction to languages and the theory of computation
250 ## - EDITION STATEMENT
Edition statement 3rd ed.
260 ## - PUBLICATION, DISTRIBUTION, ETC. (IMPRINT)
Date of publication, distribution, etc. 2007
Name of publisher, distributor, etc. Tata McGraw-Hill
Place of publication, distribution, etc. New Delhi
300 ## - PHYSICAL DESCRIPTION
Extent xiii+543
650 ## - SUBJECT ADDED ENTRY--TOPICAL TERM
Topical term or geographic name as entry element languages,computation
942 ## - ADDED ENTRY ELEMENTS (KOHA)
Koha item type Books
Holdings
Date last seen Total Checkouts Full call number Accession number Old discount Cost, replacement price Price effective from Category Lost status Damaged status Department Withdrawn status bill no. bill date Permanent Location Current Location Shelving location Entry date Vendor Cost, normal purchase price Grants Currency symbol Conversion rate Discount Discount type
26/01/2024   001.6424 MAR;10 54727 20 239.20 26/01/2024 Books     Central Library   12 07/02/2013 Central Library Central Library Central Library 07/07/2009 Sapna Book House 299.00 CS RS 1 59.8 Rupees

© For any Suggestions or Query, please contact the library staff @ librarian@pes.edu or Phone: +9180 2672 1983/ 2108.